Statistiken für Wichtige Programmiersprachen

Klicken Sie hier um das Quiz zu spielen!

Allgemein

  • Dieses Quiz wurde 275 mal gespielt
  • Das Durchschnittsergebnis liegt bei 9 aus 35

Antwortstatistiken

HintAntwort% Korrekt
objektorientiertJava
97%
objektorientiertC++
93%
prozeduralC
93%
objektorientiertC#
93%
objektorientiertPython
87%
objektorientiertJavaScript
76%
objektorientiertPHP
44%
objektorientiertD
38%
prozeduralPascal
28%
objektorientiertRuby
28%
prozeduralBASIC
22%
prozeduralGo
21%
prozeduralVisual Basic
20%
funktionalHaskell
18%
prozeduralPL/I
15%
prozeduralCOBOL
14%
prozeduralFortran
14%
prozedural/objektorientiertPerl
13%
funktionalLisp
12%
objektorientiertObjective-C
10%
objektorientiertDelphi
9%
prozeduralAda
8%
logischProlog
6%
funktionalLogo
3%
funktionalScheme
2%
objektorientiertSmalltalk
2%
prozeduralALGOL 60
1%
prozeduralOberon
1%
objektorientiertObject Pascal
1%
objektorientiertSimula
1%
objektorientiertVisual Basic .NET
1%
prozeduralALGOL 68
0%
objektorientiertEiffel
0%
prozeduralModula-2
0%
objektorientiertModula-3
0%

Verteilung der Resultate

Perzentil nach korrekt beantworteten Fragen

Anzahl Personen mit jedem Resultat

Ihre Resultats-Entwicklung

Sie haben dieses Quiz noch nicht gespielt